El tratamiento de la diversidad en los centros escolares

Αποθηκεύτηκε σε:
Λεπτομέρειες βιβλιογραφικής εγγραφής
Συγγραφή απο Οργανισμό/Αρχή: Ministerio de Educación y Ciencia (Συγγραφέας)
Μορφή: Βιβλίο
Γλώσσα:Ισπανικά
Έκδοση: Madrid Secretaría General Técnica 2005
Σειρά:Conocimiento Educativo
Θέματα:
Ετικέτες: Προσθήκη ετικέτας
Δεν υπάρχουν, Καταχωρήστε ετικέτα πρώτοι!

MARC

LEADER 00000nam a2200000 a 4500
001 UCH9552
003 CL-VaPUC
008 100114e20050000SP |||||||||||||||||spa|d
020 |a 8436941462 
082 0 4 |a 371.9  |b MIN  |2 21 
110 2 |a Ministerio de Educación y Ciencia  |e author  |9 546708 
245 1 3 |a El tratamiento de la diversidad en los centros escolares 
300 |a 174 p 
942 |c BK 
945 |d 20100114 00:00:00  |a rbrito 
260 |a Madrid  |b Secretaría General Técnica  |c 2005 
650 0 |a Educación especial  |9 307486 
650 0 |a Diversidad  |9 375247 
583 |a last modification  |c 20100114 00:00:00  |k Rodrigo Vera 
490 0 |a Conocimiento Educativo 
999 |c 339478  |d 339476 
952 |0 0  |1 0  |4 0  |6 371_900000000000000_MIN_2005  |7 0  |8 A  |9 433146  |a BIBEDU  |b BIBEDU  |c ES_NOD  |d 2019-11-22  |i 4633695  |o 371.9 MIN 2005  |p 4633695  |r 2023-08-09  |w 2019-11-22  |y BK  |k EPE